National conference on water resources development & management (Record no. 46407)
[ view plain ]
| 000 -LEADER | |
|---|---|
| fixed length control field | 00546nam a22001337a 4500 |
| 008 - FIXED-LENGTH DATA ELEMENTS--GENERAL INFORMATION | |
| fixed length control field | 230622b |||||||| |||| 00| 0 eng d |
| 040 ## - CATALOGING SOURCE | |
| Original cataloging agency | National Science Library |
| Transcribing agency | National Science Library |
| 080 ## - UNIVERSAL DECIMAL CLASSIFICATION NUMBER | |
| Universal Decimal Classification number | 628.11(082.2) |
| Item number | P2 |
| 245 ## - TITLE STATEMENT | |
| Title | National conference on water resources development & management |
| Statement of responsibility, etc. | / Organised by Civil Engineering Department Birla Institute of Technology Mesra, Ranchi held on 9-10 February, 2002 |
| 260 ## - PUBLICATION, DISTRIBUTION, ETC. | |
| Place of publication, distribution, etc. | Jharkhand: |
| Name of publisher, distributor, etc. | Birla Institute of Technology, |
| Date of publication, distribution, etc. | 2002 |
| 300 ## - PHYSICAL DESCRIPTION | |
| Extent | 172p. |
| 650 ## - SUBJECT ADDED ENTRY--TOPICAL TERM | |
| Topical term or geographic name entry element | Conference |
| 942 ## - ADDED ENTRY ELEMENTS (KOHA) | |
| Source of classification or shelving scheme | Universal Decimal Classification |
| Koha item type | Proceedings |
| Withdrawn status | Lost status | Source of classification or shelving scheme | Damaged status | Not for loan | Home library | Current library | Shelving location | Date acquired | Total Checkouts | Full call number | Barcode | Date last seen | Price effective from | Koha item type |
|---|---|---|---|---|---|---|---|---|---|---|---|---|---|---|
| Universal Decimal Classification | National Science Library | National Science Library | GF/Rk-13/C-16/R-6 | 06/05/2002 | 628.11(082.2) P2 | 180156 | 22/06/2023 | 06/05/2002 | Proceedings |